[Event "Mahalla op 13th"]
[Site "Mahalla"]
[Date "2011.07.04"]
[Round "1"]
[White "Mahany, Mahmoud"]
[Black "Hassan, Sayed Barakat"]
[Result "0-1"]
[WhiteElo "2070"]
[BlackElo "2386"]
[PlyCount "66"]
[EventDate "2011.07.04"]
[EventType "swiss"]
[EventRounds "9"]
[EventCountry "EGY"]
[SourceTitle "CBM 143 Extra"]
[Source "ChessBase"]
[SourceDate "2011.08.29"]
[SourceVersion "1"]
[SourceVersionDate "2011.08.29"]
[SourceQuality "1"]

1. e4 d5 2. exd5 Nf6 3. d4 Bg4 4. Nf3 Qxd5 5. Be2 Nc6 6. h3 Bf5 7. c4 Qd7 8. d5 Nb4 9. Na3 0-0-0 10. Ne5 Qe8 11. Qd4 b6 12. Bd2 e6 13. 0-0 Be4 14. Nb5 Nc2 15. Qc3 Bb4 16. Qb3 Bxd2 17. Nf3 Rd7 18. Nxd2 Nxa1 19. Rxa1 a6 20. Qa3 a5 21. Rc1 c5 22. Qg3 Qd8 23. a3 Kb7 24. b4 axb4 25. axb4 exd5 26. Ra1 Qb8 27. Qxg7 Qg8 28. Qxg8 Rxg8 29. f3 Bf5 30. Nc3 Kc6 31. Na4 Bxh3 32. g4 h5 33. Kh2 hxg4 0-1